000 00340 a2200157 4500
001 151376
040 _cEscola São Tomás de Aquino
100 _aAQUINO, Eduardo
240 1 0 _aTião vermelhão
_lpor
245 1 0 _aTião vermelhão
300 _a90
362 0 _a1999
440 1 _aModus vivendi
697 _aPsicologia
942 _cBK
999 _c151376
_d151376